000 004580000a22001810004500
003 MACL
005 20150920130413.0
008 150920b xxu||||| |||| 00| 0 eng d
040 _aMACL
_cMACL
041 _aEnglish
082 _a891/RAJ
100 _aMukhia, Monica
_912368
245 _aShiv Kumar Rai
_bMakers of Indian Literature
260 _bSahitya Akademi
_c2007
_aDelhi
350 _a40
650 _aLiterature
_912369
942 _cBK
_k891/RAJ
_2ddc
999 _c42514
_d42514